000 00342nam a22001457a 4500
008 210310b ||||| |||| 00| 0 eng d
020 _a9780618052912
041 _aeng
080 _23rd
_a510
082 _a510
100 _a36
101 _aMAT
245 _aPrecalculus with Limits a Graphing Approach
_cHosteler, R. P
942 _2udc
_cBK
999 _c56223
_d56223